000 00908cam a2200253 4500
001 WB3543-19
008 000000n1999 000 0 eng u
035 _a(Sirsi) u101245
245 _aDarling I'm home.com
260 _c1999
490 _aFinancial Times
_v2 November 1999, 8
490 _aGuardian
_v2 November 1999, 1(2)
520 _aLaing Homes has decided that all its houses on a mini-estate in Watford will be ready-wired for the internet. With Cisco Systems it has built a showcase internet house on the estate which includes £5,000 of network infrastructure. Laing will decide soon whether to build internet connectivity into all its new homes.
590 _aWB
650 _aLAING
650 _aINTERNET
650 _aNEW HOMES
650 _aNEW HOUSES
650 _aINTERNET CONNECTION
650 _aSMART HOMES
650 _aSMART HOUSES
690 _aHOUSING
942 _n0
999 _c60399
_d60399